[Event "POLFINAL MISTRZOSTW POLSKI JUNIOROW 2019 - D15"]
[Site "Ustron"]
[Date "1899-12-30"]
[Round "5.10"]
[White "Szymura, Oliwia"]
[Black "Kokoszka, Alicja"]
[Result "1-0"]
[WhiteTitle "II"]
[BlackTitle "II"]
[WhiteElo "1187"]
[BlackElo "1135"]

1. e4 e6 2. d4 b6 3. Nf3 Bb7 4. Bd3 c5 5. c3 Be7 6. O-O cxd4 7. cxd4 Nf6 8. Qe2
O-O 9. Nc3 Nc6 10. e5 Ne8 11. Qe4 f5 12. Qe3 d6 13. Nb5 dxe5 14. dxe5 Bc5 15.
Qe2 a6 16. Nc3 Nb4 17. Bc4 Nc7 18. Ng5 Qe7 19. a3 Nbd5 20. Bd2 Nxc3 21. bxc3 h6
22. Nf3 Rad8 23. a4 Bxf3 24. gxf3 f4 25. Kh1 Qh4 26. Be1 Rf5 27. Rg1 Rh5 28. Rg2
Rf8 29. Qa2 Qh3 30. Bf1 Qxf3 31. Be2 Qe4 32. Bxh5 f3 33. Rg3 Qxe5 34. Bxf3 Bd6
35. Qe2 Qxe2 36. Bxe2 Bxg3 37. hxg3 Rf5 38. Bg4 Rc5 39. Kg2 Kf7 40. Rd1 Nd5 41.
Rb1 Rc4 42. Bd1 Nxc3 43. Bxc3 Rxc3 44. Rxb6 Rd3 45. Be2 1-0

[Event "POLFINAL MISTRZOSTW POLSKI JUNIOROW 2019 - D15"]
[Site "Ustron"]
[Date "1899-12-30"]
[Round "5.11"]
[White "Rodzik, Malgorzata"]
[Black "Pieczewska, Gabriela"]
[Result "1/2-1/2"]
[WhiteTitle "II"]
[BlackTitle "I"]
[WhiteElo "1138"]
[BlackElo "1184"]

1. d4 e6 2. Nf3 d5 3. Bf4 c5 4. e3 Qb6 5. b3 Nc6 6. c3 Nf6 7. Bd3 Na5 8. Nbd2 cxd4
9. exd4 Bd7 10. O-O Rc8 11. Rc1 Bb5 12. Ne5 Bxd3 13. Nxd3 Bd6 14. Bxd6 Qxd6 15.
Ne5 O-O 16. Re1 Nc6 17. Ndf3 Ne4 18. Re3 f6 19. Nxc6 Rxc6 20. Nd2 Nxd2 21. Qxd2
Rfc8 22. Rg3 g5 23. h4 h6 24. Qd3 Qf8 25. hxg5 fxg5 26. Re3 Qf6 27. Rf3 Qg7 28.
Qd2 Rf8 29. Rxf8+ Qxf8 30. Re1 Qf5 31. Re3 Rc8 1/2-1/2

[Event "POLFINAL MISTRZOSTW POLSKI JUNIOROW 2019 - D15"]
[Site "Ustron"]
[Date "1899-12-30"]
[Round "6.1"]
[White "Bienko, Jagoda"]
[Black "Cieslak, Jessica"]
[Result "0-1"]
[WhiteTitle "I"]
[BlackTitle "I"]
[WhiteElo "1350"]
[BlackElo "1304"]

1. d4 d5 2. Nf3 c5 3. dxc5 e6 4. Bf4 Bxc5 5. e3 Nf6 6. Be2 Nc6 7. O-O O-O 8. Nc3
h6 9. Nb5 Bd7 10. Nbd4 Re8 11. Nxc6 Bxc6 12. Ne5 Qb6 13. Nxc6 bxc6 14. b3 e5 15.
Bg3 Ne4 16. Qd3 f5 17. Qa6 g5 18. Qxb6 axb6 19. Bh5 Re6 20. h3 Bxe3 21. Bh2 Bd4
22. Rad1 Rxa2 23. Rc1 Kg7 24. Be2 f4 25. Bd3 Kf6 26. Bxe4 dxe4 27. c3 c5 28. cxd4
exd4 29. b4 Rc6 30. bxc5 bxc5 31. Rfd1 Ke5 32. Kf1 c4 33. g3 d3 34. gxf4+ gxf4
35. Rb1 e3 36. Rb5+ Ke4 0-1

[Event "POLFINAL MISTRZOSTW POLSKI JUNIOROW 2019 - D15"]
[Site "Ustron"]
[Date "1899-12-30"]
[Round "6.2"]
[White "Nowak, Roksana"]
[Black "Czernikowska, Laura"]
[Result "1-0"]
[WhiteTitle "I"]
[BlackTitle "WCM"]
[WhiteElo "1358"]
[BlackElo "1349"]

1. f4 d5 2. Nf3 c5 3. e3 Nf6 4. b3 g6 5. Bb2 Bg7 6. Bb5+ Nc6 7. Bxc6+ bxc6 8. O-O
O-O 9. Qe1 Qb6 10. d3 c4 11. dxc4 dxc4 12. Nbd2 Ba6 13. Ne5 cxb3 14. Nec4 Qc7
15. cxb3 Rfd8 16. Rc1 Nd5 17. Bxg7 Kxg7 18. Rf3 Nb4 19. Ne4 Nd3 20. Qc3+ f6 21.
Rc2 Bxc4 22. bxc4 Rab8 23. Rd2 Nb4 24. Ng5 Rd6 25. c5 Nd5 26. cxd6 Qb6 27. Qd4
Qa6 28. d7 Kg8 29. Ne6 Rb1+ 30. Rd1 Rb8 31. d8=Q+ Rxd8 32. Nxd8 Qxa2 33. Nxc6
e6 34. e4 Kg7 35. exd5 exd5 36. Qxd5 Qxd5 37. Rxd5 a6 38. Rd7+ Kf8 39. Rb3 Ke8
40. Re7+ Kf8 41. Rb8# 1-0

[Event "POLFINAL MISTRZOSTW POLSKI JUNIOROW 2019 - D15"]
[Site "Ustron"]
[Date "1899-12-30"]
[Round "6.3"]
[White "Czerwinska, Oliwia"]
[Black "Franek, Diana"]
[Result "1/2-1/2"]
[WhiteTitle "I"]
[BlackTitle "I"]
[WhiteElo "1366"]
[BlackElo "1299"]

1. e4 e5 2. Nf3 Nc6 3. Bc4 Bc5 4. Nc3 Nf6 5. d3 h6 6. O-O d6 7. h3 O-O 8. Be3 Bb6
9. Re1 Be6 10. Bb3 Re8 11. d4 exd4 12. Bxd4 Nxd4 13. Nxd4 Bxb3 14. axb3 a6 15.
Nf5 Kh7 16. Qf3 Qd7 17. Qg3 g6 18. Qh4 Ng8 19. Ng3 Qe7 20. Qxe7 Nxe7 21. Rad1
f6 22. Kf1 Rf8 23. Rd3 Rae8 24. Na4 Ba7 25. Nc3 Bb6 26. Na4 Ba7 27. Nc3 Kg7 28.
Nd5 Nxd5 29. exd5 Rxe1+ 30. Kxe1 Re8+ 31. Kf1 Re5 32. Rc3 Bb6 33. Rd3 1/2-1/2

[Event "POLFINAL MISTRZOSTW POLSKI JUNIOROW 2019 - D15"]
[Site "Ustron"]
[Date "1899-12-30"]
[Round "6.5"]
[White "Kulpa, Karolina"]
[Black "Zajac, Aleksandra"]
[Result "1-0"]
[WhiteTitle "I"]
[BlackTitle "II"]
[WhiteElo "1319"]
[BlackElo "1162"]

1. d4 d5 2. c4 e6 3. Nc3 Nf6 4. Nf3 Nbd7 5. Bg5 Be7 6. e3 h6 7. Bh4 Ne4 8. Bxe7
Qxe7 9. cxd5 Nxc3 10. bxc3 exd5 11. Bd3 Nf6 12. Nd2 c6 13. Rb1 O-O 14. O-O Re8
15. h3 b6 16. Re1 Qa3 17. Qb3 Qxb3 18. Rxb3 b5 19. e4 dxe4 20. Nxe4 Nxe4 21. Rxe4
Rxe4 22. Bxe4 Bd7 23. Rxb5 cxb5 24. Bxa8 Kf8 25. Kf1 Ke7 26. Ke2 Kd6 27. Kd3 Be6
28. a3 Bf5+ 29. Be4 Be6 30. Ke3 Bc4 31. Bd3 Bd5 32. f3 Bc6 33. c4 bxc4 34. Bxc4
f6 35. Kf4 a5 36. Kf5 Be8 37. Bg8 Bh5 38. g4 Be8 39. f4 Ke7 40. Bh7 Kd6 41. Bg6
Bd7+ 42. Ke4 Bc6+ 43. Kd3 Bb5+ 44. Kc3 Kd5 45. Bd3 Ba4 46. Bc4+ Ke4 47. f5 Kf3
48. d5 Kg2 49. d6 Kxh3 50. Be6 Kxg4 51. d7 Bxd7 52. Bxd7 h5 53. Kc4 h4 54. Kb5
h3 55. Kxa5 h2 56. Bc6 Kxf5 57. Kb6 Kg4 58. a4 f5 59. a5 f4 60. a6 f3 61. Bxf3+
Kxf3 62. a7 g5 63. a8=Q+ Kf2 64. Qh1 Kg3 65. Kc5 g4 66. Kd4 Kh3 67. Ke3 Kg3 68.
Ke2 Kh3 69. Kf2 g3+ 70. Kf3 Kh4 71. Kg2 Kg4 72. Qe1 1-0

[Event "POLFINAL MISTRZOSTW POLSKI JUNIOROW 2019 - D15"]
[Site "Ustron"]
[Date "1899-12-30"]
[Round "6.6"]
[White "Zablocka, Marta"]
[Black "Szymura, Oliwia"]
[Result "1/2-1/2"]
[WhiteTitle "I"]
[BlackTitle "II"]
[WhiteElo "1315"]
[BlackElo "1187"]

1. e4 c6 2. d4 d5 3. Nc3 dxe4 4. Nxe4 Nf6 5. Nxf6+ gxf6 6. Bf4 Bf5 7. Nf3 e6 8.
Nh4 Bg6 9. Nxg6 hxg6 10. Qd2 Bd6 11. O-O-O Qc7 12. Bxd6 Qxd6 13. f4 Nd7 14. Kb1
O-O-O 15. g3 f5 16. Bg2 Nf6 17. c4 Kb8 18. c5 Qc7 19. h3 Rd7 20. Qe3 Rhd8 21.
Bf3 Nd5 22. Qa3 Nf6 23. Qa4 Ne4 24. Bxe4 fxe4 25. Rhe1 f5 26. Rd2 Rd5 27. Qc4
Qh7 28. h4 Qh5 29. Qc3 Qh8 30. Red1 Qh5 31. Re1 Qh8 1/2-1/2

[Event "POLFINAL MISTRZOSTW POLSKI JUNIOROW 2019 - D15"]
[Site "Ustron"]
[Date "1899-12-30"]
[Round "6.7"]
[White "Kot, Ewelina"]
[Black "Reszka, Zofia"]
[Result "1/2-1/2"]
[WhiteTitle "I"]
[BlackTitle "I"]
[WhiteElo "1239"]
[BlackElo "1258"]

1. e4 c5 2. Nf3 e6 3. d3 g6 4. g3 Bg7 5. Bg2 d6 6. O-O Ne7 7. Nc3 Nbc6 8. Ne2 O-O
9. c3 Rb8 10. d4 cxd4 11. Nexd4 b6 12. Re1 Ba6 13. Qa4 Qc8 14. Bg5 h6 15. Bxe7
Nxe7 16. Rad1 Rd8 17. Bh3 Kh8 18. Qa3 Qb7 19. Nc2 Nc8 20. Bg2 Bf8 21. c4 Kg8 22.
Qc3 Qc7 23. b3 d5 24. exd5 exd5 25. Qd2 Ne7 26. Nb4 Bb7 27. cxd5 Nxd5 28. Nxd5
Bxd5 29. Qc1 Qb7 30. Qe3 Re8 31. Qd3 Be4 32. Qd7 Qa8 33. Qg4 h5 34. Qf4 Bh6 35.
Qxh6 Bxf3 36. Bxf3 Qxf3 37. Rxe8+ Rxe8 38. Qd2 Re2 39. Qf4 Rxf2 40. Rd8+ Kh7 41.
Qxf3 Rxf3 42. Rd7 a5 43. Rd6 b5 44. Rd5 Rf5 45. Rxf5 gxf5 46. Kf2 Kg6 47. Kf3
f6 48. h4 Kf7 49. Kf4 Ke6 50. Ke3 Ke5 51. a3 b4 52. a4 Kd5 53. Kd3 Kc5 54. Ke3
Kd5 55. Kd3 Kc5 56. Ke3 Kd5 1/2-1/2

[Event "POLFINAL MISTRZOSTW POLSKI JUNIOROW 2019 - D15"]
[Site "Ustron"]
[Date "1899-12-30"]
[Round "6.8"]
[White "Retz, Agnieszka"]
[Black "Czajkowska, Paulina"]
[Result "1-0"]
[WhiteTitle "II+"]
[BlackTitle "II"]
[WhiteElo "1221"]
[BlackElo "1224"]

1. e4 e5 2. Nf3 Nc6 3. Bc4 Bc5 4. c3 Nf6 5. d4 exd4 6. cxd4 Bb4+ 7. Bd2 Bxd2+ 8.
Nbxd2 d5 9. e5 dxc4 10. exf6 Qxf6 11. Nxc4 O-O 12. O-O Bg4 13. Nce5 Bxf3 14. Nxf3
Rfd8 15. Qb3 b6 16. Rac1 Rac8 17. Qa4 Nxd4 18. Nxd4 Qxd4 19. Qxa7 Qxb2 20. Rxc7
Rxc7 21. Qxc7 Ra8 22. Rc1 h6 23. Qc4 Rxa2 24. Qc8+ Kh7 25. Qf5+ g6 26. Qxf7+ Qg7
27. Qxa2 Qd7 28. Qc2 h5 29. Qc7 Qxc7 30. Rxc7+ Kh6 31. Rb7 h4 32. Rxb6 Kh5 33.
h3 g5 34. Rb4 Kg6 35. g3 hxg3 36. fxg3 Kh5 37. Kf2 Kg6 38. Rb5 Kh5 39. Kf3 Kg6
40. g4 Kh6 41. Rb6+ Kg7 42. Ke4 Kf7 43. Ke5 Kg7 44. Kf5 Kf7 45. Rb7+ Kg8 46. Kf6
Kh8 47. Kg6 Kg8 48. Rb8# 1-0

[Event "POLFINAL MISTRZOSTW POLSKI JUNIOROW 2019 - D15"]
[Site "Ustron"]
[Date "1899-12-30"]
[Round "6.10"]
[White "Kokoszka, Alicja"]
[Black "Szewczyk, Malwina"]
[Result "1/2-1/2"]
[WhiteTitle "II"]
[BlackTitle "I"]
[WhiteElo "1135"]
[BlackElo "1332"]

1. d4 Nf6 2. Bg5 g6 3. Bxf6 exf6 4. e4 b6 5. Nd2 Bb7 6. Ngf3 Nc6 7. Bc4 Qe7 8.
O-O O-O-O 9. c3 h5 10. b4 g5 11. a4 Nb8 12. d5 c6 13. Qb3 Bh6 14. Nd4 g4 15. Nf5
Qe5 16. Nxh6 Rxh6 17. f4 gxf3 18. Rxf3 h4 19. Rf5 Qe7 20. Raf1 a6 21. R1f2 b5
22. axb5 axb5 23. dxc6 Bxc6 24. Bxb5 Qe6 25. Qc4 Kb7 26. Qxe6 fxe6 27. Bxc6+ dxc6
28. R5f3 Nd7 29. Rd3 Kc7 30. Nb3 Ra8 31. Na5 Ne5 32. Rd1 Ng4 33. Rfd2 Rh7 34.
Rd6 Ra6 35. h3 Ne3 36. R1d3 Rg7 37. Rxe6 Nxg2 38. Red6 Nf4+ 39. Kf1 Nxd3 40. Rxd3
Ra8 41. Rf3 Rf8 42. Kf2 Rg5 43. Nc4 f5 44. e5 f4 45. Ke2 Rg2+ 46. Kd3 Rg3 47.
Ke4 Rxf3 48. Kxf3 Kd7 49. Na5 Rf5 50. e6+ Kxe6 51. Nxc6 Rg5 52. c4 Kd6 53. Kxf4
Rg3 54. Nd4 Rxh3 55. Kg4 Rd3 56. Nf5+ Ke5 57. Nxh4 Rd4+ 58. Kg3 Rxc4 59. b5 Rb4
60. b6 Rxb6 61. Nf3+ Ke4 62. Nd2+ Kd3 63. Nf3 Rg6+ 64. Kf4 Rf6+ 65. Kg4 Ke3 66.
Nh4 Ke4 67. Kg5 Rf2 68. Kg4 Rh2 69. Kg3 Rh1 70. Ng2 Rh5 71. Kg4 Rh7 72. Kg3 Rg7+
73. Kf2 Rg4 74. Ne1 Rh4 75. Ng2 Rg4 76. Ne1 Rf4+ 77. Ke2 1/2-1/2

[Event "POLFINAL MISTRZOSTW POLSKI JUNIOROW 2019 - D15"]
[Site "Ustron"]
[Date "1899-12-30"]
[Round "6.12"]
[White "Rozumek, Paulina"]
[Black "Rodzik, Malgorzata"]
[Result "1/2-1/2"]
[WhiteTitle "II"]
[BlackTitle "II"]
[WhiteElo "1151"]
[BlackElo "1138"]

1. Nf3 f5 2. b3 Nf6 3. Bb2 e6 4. e3 Be7 5. Be2 b6 6. O-O Bb7 7. d3 O-O 8. Nbd2
d6 9. Re1 Qe8 10. Nd4 Qf7 11. Bf3 Bxf3 12. Qxf3 Nbd7 13. Nc6 Ng4 14. h3 Bf6 15.
Bxf6 Ngxf6 16. e4 fxe4 17. dxe4 Nh5 18. Qxf7+ Rxf7 19. c4 Nf4 20. Re3 Ng6 21.
Rae1 Nge5 22. Nd4 Nc5 23. N2f3 Nxf3+ 24. Nxf3 e5 25. b4 Ne6 26. a4 a5 27. b5 Rc8
28. Rc1 Nc5 29. Ra1 c6 30. Nd2 cxb5 31. cxb5 Rd7 32. Nc4 Rb8 1/2-1/2

[Event "POLFINAL MISTRZOSTW POLSKI JUNIOROW 2019 - D15"]
[Site "Ustron"]
[Date "1899-12-30"]
[Round "7.1"]
[White "Cieslak, Jessica"]
[Black "Nowak, Roksana"]
[Result "0-1"]
[WhiteTitle "I"]
[BlackTitle "I"]
[WhiteElo "1304"]
[BlackElo "1358"]

1. d4 f5 2. Nf3 Nf6 3. g3 b6 4. Bg2 Bb7 5. O-O e6 6. Nbd2 Be7 7. b3 O-O 8. Bb2
Qe8 9. e3 c5 10. c4 h6 11. Nh4 Bxg2 12. Nxg2 Nc6 13. Nf3 d5 14. Nf4 Bd6 15. cxd5
exd5 16. Nxd5 Nxd5 17. dxc5 Nxe3 18. fxe3 Bxc5 19. Qd5+ Kh8 20. Qxc6 Qxc6 0-1

[Event "POLFINAL MISTRZOSTW POLSKI JUNIOROW 2019 - D15"]
[Site "Ustron"]
[Date "1899-12-30"]
[Round "7.2"]
[White "Czernikowska, Laura"]
[Black "Czerwinska, Oliwia"]
[Result "1/2-1/2"]
[WhiteTitle "WCM"]
[BlackTitle "I"]
[WhiteElo "1349"]
[BlackElo "1366"]

1. d4 d5 2. e3 Nf6 3. c4 c6 4. Nc3 Bf5 5. Nf3 e6 6. Nh4 Bg6 7. Nxg6 hxg6 8. Qb3
Qb6 9. Bd2 Qxb3 10. axb3 Bd6 11. h3 Nbd7 12. c5 Bc7 13. f4 Nh5 14. Kf2 f5 15.
g4 Nhf6 16. g5 Ne4+ 17. Nxe4 fxe4 18. b4 Ke7 19. Be2 a6 20. Bc3 Kf7 21. h4 Rae8
22. Rh3 Rh7 23. Kg2 Nb8 24. Rah1 Reh8 25. Be1 Nd7 26. Bg3 Bd8 27. Rf1 Nf8 28.
Ra1 Ke8 29. Rhh1 Nd7 30. Rhc1 Bc7 1/2-1/2

[Event "POLFINAL MISTRZOSTW POLSKI JUNIOROW 2019 - D15"]
[Site "Ustron"]
[Date "1899-12-30"]
[Round "7.3"]
[White "Franek, Diana"]
[Black "Bienko, Jagoda"]
[Result "0-1"]
[WhiteTitle "I"]
[BlackTitle "I"]
[WhiteElo "1299"]
[BlackElo "1350"]

1. e4 c5 2. Nf3 Nc6 3. d4 cxd4 4. Nxd4 g6 5. Nxc6 bxc6 6. c3 Bg7 7. Bd3 Nf6 8.
O-O O-O 9. h3 Bb7 10. Re1 d5 11. exd5 cxd5 12. Nd2 e6 13. Nb3 Nd7 14. Be3 Qc7
15. Rc1 a5 16. Qd2 Ba6 17. Bxa6 Rxa6 18. Bh6 Bxh6 19. Qxh6 Nc5 20. Nxc5 Qxc5 21.
Qe3 Qc4 22. Qe2 Qxe2 23. Rxe2 Rc8 24. Rd1 a4 25. a3 Rc4 26. Red2 Rb6 27. Kf1 Kg7
28. Ke2 Kf6 29. Kd3 Ke5 30. Kc2 Kd6 31. Rd4 Rbc6 32. Rxc4 Rxc4 33. Rd4 Kc5 34.
Kd3 e5 35. Rxc4+ dxc4+ 36. Ke4 Kd6 37. g4 f6 38. f3 Ke6 39. Ke3 h6 40. h4 f5 41.
g5 hxg5 42. hxg5 f4+ 43. Ke4 Kd6 44. b3 axb3 0-1

[Event "POLFINAL MISTRZOSTW POLSKI JUNIOROW 2019 - D15"]
[Site "Ustron"]
[Date "1899-12-30"]
[Round "7.4"]
[White "Matyjasek, Michalina"]
[Black "Kulpa, Karolina"]
[Result "1-0"]
[WhiteTitle "I"]
[BlackTitle "I"]
[WhiteElo "1366"]
[BlackElo "1319"]

1. d4 Nf6 2. c4 e6 3. Nf3 b6 4. Bg5 Bb7 5. e3 c5 6. Nc3 Be7 7. Bd3 d6 8. O-O Nbd7
9. h3 O-O 10. Bf4 d5 11. b3 h6 12. Qe2 Ne4 13. Bxe4 dxe4 14. Nd2 f5 15. Nb5 Rf6
16. Rfd1 a6 17. Nc3 g5 18. Bh2 Rg6 19. Qh5 Kh7 20. Nf1 Nf6 21. Qe2 Qg8 22. dxc5
Bxc5 23. Na4 g4 24. h4 Nh5 25. Nxc5 bxc5 26. Be5 Bc8 27. Rd6 Qf7 28. Rd8 Bb7 29.
Rad1 Rxd8 30. Rxd8 Rg8 31. Qd2 Bc8 32. Rxg8 Qxg8 33. Qd6 Kg6 34. Qxc5 Nf6 35.
Qe7 Nd7 36. Ng3 h5 37. Qg5+ Kf7 38. Qxh5+ Qg6 39. Bc3 Qxh5 40. Nxh5 Nf8 41. Nf4
Ng6 42. Nxg6 Kxg6 43. Kh2 Bd7 44. Kg3 Be8 45. Kf4 Kf7 46. h5 Kg8 47. h6 Kh7 48.
Kg5 Bd7 49. Bg7 Bc8 50. Kf6 Bd7 51. Ke7 Bc8 52. c5 Kg8 53. c6 Kh7 54. Kd8 1-0

[Event "POLFINAL MISTRZOSTW POLSKI JUNIOROW 2019 - D15"]
[Site "Ustron"]
[Date "1899-12-30"]
[Round "7.5"]
[White "Zablocka, Marta"]
[Black "Retz, Agnieszka"]
[Result "1-0"]
[WhiteTitle "I"]
[BlackTitle "II+"]
[WhiteElo "1315"]
[BlackElo "1221"]

1. d4 d5 2. c4 e6 3. Nc3 b6 4. cxd5 exd5 5. Nf3 Nf6 6. Bg5 Be7 7. Qc2 Bb7 8. e3
O-O 9. Bd3 Nbd7 10. O-O h6 11. Bf4 a6 12. h3 c5 13. Rfe1 Re8 14. Bh2 Bf8 15. Rac1
Rc8 16. Qb1 Ne4 17. Ne5 Ndf6 18. f3 cxd4 19. exd4 Nxc3 20. bxc3 Bd6 21. Bg3 Nh5
22. Bh7+ Kf8 23. Ng6+ fxg6 24. Rxe8+ Kxe8 25. Qxg6+ 1-0

[Event "POLFINAL MISTRZOSTW POLSKI JUNIOROW 2019 - D15"]
[Site "Ustron"]
[Date "1899-12-30"]
[Round "7.6"]
[White "Reszka, Zofia"]
[Black "Pieczewska, Gabriela"]
[Result "0-1"]
[WhiteTitle "I"]
[BlackTitle "I"]
[WhiteElo "1258"]
[BlackElo "1184"]

1. e4 e6 2. d4 d5 3. Bd3 c5 4. exd5 exd5 5. Nf3 Nc6 6. Be3 Qb6 7. b3 Bd6 8. c3
Bg4 9. Be2 Nge7 10. h3 Bh5 11. O-O O-O-O 12. Nbd2 f5 13. dxc5 Bxc5 14. Bxc5 Qxc5
15. Rc1 h6 16. Nd4 Bxe2 17. Qxe2 Kb8 18. Ne6 Qd6 19. Nxd8 Qxd8 20. Rfe1 Ng6 21.
Qe6 Nf4 22. Qxf5 Rf8 23. Qc2 Qg5 24. g3 Nxh3+ 25. Kh1 Rxf2 26. Qd3 Nf4 27. Nf3
Qh5+ 28. Nh4 Nxd3 29. Rf1 Qe2 30. Rxf2 Qxf2 31. Rg1 Nce5 32. a3 Ng4 33. Rg2 Qf1+
34. Rg1 Ndf2# 0-1

[Event "POLFINAL MISTRZOSTW POLSKI JUNIOROW 2019 - D15"]
[Site "Ustron"]
[Date "1899-12-30"]
[Round "7.9"]
[White "Szewczyk, Malwina"]
[Black "Rozumek, Paulina"]
[Result "1-0"]
[WhiteTitle "I"]
[BlackTitle "II"]
[WhiteElo "1332"]
[BlackElo "1151"]

1. d4 Nf6 2. e3 g6 3. Bd3 c5 4. b3 Bg7 5. Bb2 O-O 6. Nf3 cxd4 7. exd4 d5 8. O-O
Bg4 9. Nbd2 Nbd7 10. h3 Bxf3 11. Nxf3 e6 12. Re1 Rc8 13. a4 a5 14. Rb1 Re8 15.
c4 b6 16. Ne5 Qe7 17. cxd5 Nxd5 18. Nxd7 Nf4 19. Bb5 Red8 20. Nxb6 Qb7 21. Qf3
Nxh3+ 22. Qxh3 Qxb6 23. Rbc1 Bxd4 24. Bxd4 Qxd4 25. Rxc8 Rxc8 26. Qe3 Qb4 27.
Bc4 Kf8 28. Rc1 Qa3 29. Rd1 h5 30. Qd4 Kg8 31. Qf6 Re8 32. Rd8 Rxd8 33. Qxd8+
Kh7 34. Qxa5 Qc1+ 35. Bf1 h4 36. Qb4 g5 37. Qe4+ Kh6 38. Qe3 Qc6 39. Qf3 Qc7 40.
Qf6+ Kh7 41. Bd3+ Kg8 42. Qxg5+ Kf8 43. Qh6+ Ke7 44. Qxh4+ Kf8 45. Qb4+ Kg8 46.
a5 1-0

[Event "POLFINAL MISTRZOSTW POLSKI JUNIOROW 2019 - D15"]
[Site "Ustron"]
[Date "1899-12-30"]
[Round "7.10"]
[White "Czajkowska, Paulina"]
[Black "Kokoszka, Alicja"]
[Result "1/2-1/2"]
[WhiteTitle "II"]
[BlackTitle "II"]
[WhiteElo "1224"]
[BlackElo "1135"]

1. e4 e5 2. Nf3 Nc6 3. Bc4 Bc5 4. c3 Nf6 5. d4 exd4 6. e5 Qe7 7. cxd4 Bb4+ 8. Bd2
Bxd2+ 9. Qxd2 h6 10. O-O Nh7 11. Nc3 O-O 12. Nd5 Qd8 13. Qf4 Ne7 14. Rac1 Ng6
15. Qe4 c6 16. Nf4 Nxf4 17. Qxf4 Qe7 18. Bd3 Qe6 19. Qe4 g6 20. b3 d5 21. exd6
Qxd6 22. Qe5 Qxe5 23. dxe5 Rd8 24. Rfd1 Be6 25. Rd2 Bd5 26. Rcd1 Bxf3 27. gxf3
Ng5 28. Kg2 Re8 29. f4 Ne6 30. Kg3 Kg7 31. Bc4 Nc5 1/2-1/2

[Event "POLFINAL MISTRZOSTW POLSKI JUNIOROW 2019 - D15"]
[Site "Ustron"]
[Date "1899-12-30"]
[Round "7.11"]
[White "Zajac, Aleksandra"]
[Black "Buchta, Alicja"]
[Result "1/2-1/2"]
[WhiteTitle "II"]
[BlackTitle "II"]
[WhiteElo "1162"]
[BlackElo "1107"]

1. e4 e6 2. d3 d5 3. Nd2 Nf6 4. Ngf3 c5 5. g3 Nc6 6. Bg2 d4 7. O-O e5 8. Nc4 Bd6
9. Re1 h6 10. Rf1 Be6 11. Ncd2 Qd7 12. Kh1 g5 13. Re1 Bg4 14. Nc4 b5 15. Nxd6+
Qxd6 16. a4 b4 17. b3 Qd7 18. Qe2 Ke7 19. Qf1 Rag8 20. Rb1 Bxf3 21. Bxf3 g4 22.
Be2 Qe6 23. Qg2 h5 24. Bd2 h4 25. Rf1 Nd8 26. Rbc1 Nb7 27. Rb1 Nd6 28. Rbc1 hxg3
29. fxg3 Nh7 30. Rf2 f6 31. Rcf1 1/2-1/2

[Event "POLFINAL MISTRZOSTW POLSKI JUNIOROW 2019 - D15"]
[Site "Ustron"]
[Date "1899-12-30"]
[Round "7.12"]
[White "Rodzik, Malgorzata"]
[Black "Dumin, Monika"]
[Result "1-0"]
[WhiteTitle "II"]
[BlackTitle "II"]
[WhiteElo "1138"]
[BlackElo "1089"]

1. d4 e6 2. Nf3 b6 3. Bf4 Bb7 4. Nbd2 d5 5. e3 Nf6 6. Bd3 Bd6 7. Bg5 h6 8. Bh4
g5 9. Bg3 Ne4 10. Ne5 Nxd2 11. Kxd2 Nd7 12. Bb5 Bxe5 13. Bxe5 f6 14. Qh5+ Ke7
15. Bg3 c6 16. Bd3 Qe8 17. Qxe8+ Raxe8 18. Rae1 e5 19. Bf5 Kd8 20. h4 e4 21. Rh2
Nf8 22. hxg5 fxg5 23. Reh1 Bc8 24. Bxc8 Kxc8 25. Rxh6 Rxh6 26. Rxh6 Ne6 27. Be5
Kd7 28. Rh7+ Re7 29. Rxe7+ Kxe7 30. Ke2 Kf7 31. f3 Kg6 32. fxe4 dxe4 33. c4 Kf5
34. Bb8 a6 35. d5 cxd5 36. cxd5 Nc5 37. d6 Nd7 38. Bc7 b5 39. Kd2 Ke5 40. Kc3
Kd5 41. Kb4 Kc6 42. Ka5 Kb7 43. a4 bxa4 44. Kxa4 Kc6 45. Kb4 Ne5 46. Bd8 g4 47.
Be7 Nd3+ 48. Kc3 Nc5 49. Kd4 a5 50. d7 Nxd7 51. Kxe4 Kc7 52. Kf5 Nb6 53. Bf6 Nd5
54. Bd4 Kd6 55. Kxg4 Ke6 56. Kf3 Ne7 57. Kf4 Ng6+ 58. Kg5 Ne7 59. g4 a4 60. Kh5
Kf7 61. g5 Ke6 62. g6 Kd5 63. Kg5 Ke6 64. g7 Kf7 65. Kf4 Ke6 66. Ke4 Kf7 67. Kd3
Nf5 68. Kc4 Nxd4 69. exd4 Kxg7 70. Kb4 Kf6 71. Kxa4 Ke6 72. Kb4 Kd5 73. Kc3 Kd6
74. Kc4 Kc6 75. b4 Kd6 76. d5 Kc7 77. Kc5 Kc8 78. Kc6 Kd8 79. d6 1-0

[Event "POLFINAL MISTRZOSTW POLSKI JUNIOROW 2019 - D15"]
[Site "Ustron"]
[Date "1899-12-30"]
[Round "8.1"]
[White "Bienko, Jagoda"]
[Black "Nowak, Roksana"]
[Result "0-1"]
[WhiteTitle "I"]
[BlackTitle "I"]
[WhiteElo "1350"]
[BlackElo "1358"]

1. d4 f5 2. c4 Nf6 3. Nf3 b6 4. g3 e6 5. Bg2 Bb4+ 6. Bd2 Bxd2+ 7. Nbxd2 Bb7 8.
O-O O-O 9. Ne5 Bxg2 10. Kxg2 d6 11. Nef3 Nbd7 12. Qc2 Qe8 13. e4 fxe4 14. Nxe4
Qg6 15. Nxf6+ Qxf6 16. Qe2 Rae8 17. b3 e5 18. dxe5 Nxe5 19. Nxe5 Rxe5 20. Qd2
Qf3+ 21. Kg1 Re2 22. Qd4 Kh8 23. Rae1 c5 24. Qd1 Rxe1 25. Qxe1 d5 26. cxd5 Qxd5
27. Qe7 Qf7 28. Qxf7 Rxf7 29. Re1 h6 30. Re8+ Kh7 31. Kg2 Rd7 32. Re2 b5 33. Rc2
Rc7 34. f4 a5 35. g4 a4 36. bxa4 b4 37. a5 c4 38. Kf3 c3 39. Ke3 Rd7 40. h3 Rd5
41. Ke2 Rxa5 42. Kd3 Rd5+ 43. Kc4 Rd2 44. Kb3 Rxc2 45. Kxc2 Kg6 46. a4 bxa3 47.
Kxc3 Kf6 48. Kb3 Ke6 49. Kxa3 Kd5 50. Kb4 Ke4 51. Kc4 Kxf4 52. Kd4 Kg3 53. Ke4
Kxh3 54. Kf4 g5+ 0-1

[Event "POLFINAL MISTRZOSTW POLSKI JUNIOROW 2019 - D15"]
[Site "Ustron"]
[Date "1899-12-30"]
[Round "8.2"]
[White "Czerwinska, Oliwia"]
[Black "Matyjasek, Michalina"]
[Result "1/2-1/2"]
[WhiteTitle "I"]
[BlackTitle "I"]
[WhiteElo "1366"]
[BlackElo "1366"]

1. e4 c5 2. c3 Nf6 3. e5 Nd5 4. d4 cxd4 5. cxd4 e6 6. Bc4 Nb6 7. Bd3 d6 8. a3 dxe5
9. dxe5 Na6 10. Bb5+ Nd7 11. Nc3 Nc7 12. Bxd7+ Bxd7 13. Nge2 Bc6 14. Qxd8+ Rxd8
15. O-O Be7 16. Be3 b6 17. Rfd1 O-O 18. f4 Rxd1+ 19. Rxd1 Rd8 20. Rxd8+ Bxd8 21.
Nd4 Bd7 22. Kf2 f6 23. Kf3 Kf7 24. g3 Be7 25. Ke4 Bd8 26. Kf3 Be7 27. Ke4 Bd8
28. Kf3 Be7 29. Ke4 Bd8 30. Kf3 Be7 1/2-1/2

[Event "POLFINAL MISTRZOSTW POLSKI JUNIOROW 2019 - D15"]
[Site "Ustron"]
[Date "1899-12-30"]
[Round "8.3"]
[White "Czernikowska, Laura"]
[Black "Cieslak, Jessica"]
[Result "1/2-1/2"]
[WhiteTitle "WCM"]
[BlackTitle "I"]
[WhiteElo "1349"]
[BlackElo "1304"]

1. d4 d5 2. e3 c5 3. c4 dxc4 4. Bxc4 cxd4 5. exd4 Nc6 6. Nf3 Bg4 7. Qb3 e6 8. Qxb7
Bxf3 9. gxf3 Nxd4 10. Bb5+ Nxb5 11. Qc6+ Ke7 12. Qxb5 Qd7 13. Qxd7+ Kxd7 14. Be3
Nf6 15. Nc3 Bb4 16. O-O-O Ke7 17. Bd4 Rhc8 18. Kb1 Bc5 19. Be3 Rab8 20. Rd3 Bxe3
21. fxe3 Rd8 22. Rhd1 Rxd3 23. Rxd3 Rd8 24. Kc2 Rxd3 25. Kxd3 a6 26. Kc4 Kd6 27.
Kb4 Kc6 28. Ka5 Kb7 29. b4 Nd7 30. Ne4 Ne5 31. Nd6+ Ka7 32. f4 Nc6+ 33. Ka4 Nd8
34. Ne8 g6 35. Nf6 h5 36. Nh7 Kb6 37. Nf6 Nb7 38. Nd7+ Ka7 39. b5 axb5+ 40. Kxb5
Nd6+ 41. Kc5 1/2-1/2

[Event "POLFINAL MISTRZOSTW POLSKI JUNIOROW 2019 - D15"]
[Site "Ustron"]
[Date "1899-12-30"]
[Round "8.4"]
[White "Kot, Ewelina"]
[Black "Zablocka, Marta"]
[Result "0-1"]
[WhiteTitle "I"]
[BlackTitle "I"]
[WhiteElo "1239"]
[BlackElo "1315"]

1. e4 c5 2. Nf3 a6 3. c3 Nc6 4. d4 cxd4 5. cxd4 e6 6. Be2 h6 7. O-O Nf6 8. e5 Nd5
9. Nc3 Nce7 10. Nxd5 Nxd5 11. Be3 Nxe3 12. fxe3 Be7 13. Nd2 b5 14. Bh5 O-O 15.
Bxf7+ Kh8 16. Qh5 Bb7 17. Nf3 Rc8 18. Ne1 Bg5 19. Qh3 Qe7 20. Bh5 Rxf1+ 21. Kxf1
Qb4 22. Nd3 Qd2 23. Rd1 Rf8+ 24. Kg1 Bxe3+ 25. Kh1 Qxd1+ 0-1

[Event "POLFINAL MISTRZOSTW POLSKI JUNIOROW 2019 - D15"]
[Site "Ustron"]
[Date "1899-12-30"]
[Round "8.5"]
[White "Franek, Diana"]
[Black "Szymura, Oliwia"]
[Result "1-0"]
[WhiteTitle "I"]
[BlackTitle "II"]
[WhiteElo "1299"]
[BlackElo "1187"]

1. e4 c6 2. d4 d5 3. e5 Bf5 4. Bd3 Bxd3 5. Qxd3 e6 6. Nf3 Nd7 7. b3 Ne7 8. Bb2
Nf5 9. Nc3 Qc7 10. Ne2 Be7 11. O-O O-O 12. Rac1 Qa5 13. a4 Rac8 14. Rfd1 c5 15.
c3 Qb6 16. c4 dxc4 17. Rxc4 cxd4 18. Nexd4 Nc5 19. Qc2 Rfd8 20. b4 Nxa4 21. Rxc8
Nxb2 22. Rxd8+ Qxd8 23. Qxb2 f6 24. Qb1 Qb6 25. Nxf5 exf5 26. Qxf5 Qxb4 27. Rb1
Qa3 28. Qc8+ Kf7 29. Qxb7 a5 30. exf6 Kxf6 31. Qb2+ Qxb2 32. Rxb2 a4 33. Ra2 a3
34. Nd4 Kg5 35. Nb5 Kf5 36. Nxa3 Bf6 37. Nc4 h6 38. Ne3+ Ke6 39. Ra6+ Kf7 40.
g3 Kg6 41. Ng4 Kg5 42. Nxf6 gxf6 43. Kg2 f5 44. Kf3 h5 45. h4# 1-0